مكتبة جامعة عجلون الوطنية

فهرس بحث المكتبة

Normal view MARC view
  • شعر أموي - تاريخ ونقد

Entry Topical Term

Number of records used in: 1

001 - CONTROL NUMBER

  • control field: 11235

003 - CONTROL NUMBER IDENTIFIER

  • control field: JO-AjAnu

005 - DATE AND TIME OF LATEST TRANSACTION

  • control field: 20230606072113.0

008 - FIXED-LENGTH DATA ELEMENTS

  • fixed length control field: 230606|| aca||aabn | a|a d

040 ## - CATALOGING SOURCE

  • Original cataloging agency: JO-AjAnu
  • Transcribing agency: JO-AjAnu

150 ## - HEADING--TOPICAL TERM

  • Topical term or geographic name entry element: شعر أموي - تاريخ ونقد

670 ## - SOURCE DATA FOUND

  • Source citation: Work cat.: (JO-AjAnu)5785: جمعه وحققه وشكله وشرحه وقدم له ووضع فهارسه شريف علاونة, author 11234, شعر أرطأة بن سهية المري (من شعراء العصر الأموي): من تراثنا الشعري